|
|
|
|
| LEADER |
00000nam a2200000 4500 |
| 001 |
vtls008865896 |
| 003 |
SK-MaSNL |
| 005 |
20260302051300.0 |
| 008 |
180810s1600 au a f 0100s lat |
| 015 |
|
|
|a SNBHFA1600
|
| 040 |
|
|
|a SNK
|b slo
|c SNK
|e rda
|
| 041 |
0 |
|
|a lat
|
| 044 |
|
|
|a au
|c AT
|
| 072 |
|
7 |
|a 82
|x Literatúra. Literárny život
|2 konspekt
|
| 072 |
|
7 |
|a 094
|x Staré tlače
|2 konspekt
|
| 080 |
|
|
|a 82
|2 2011
|
| 080 |
|
|
|a 094
|2 2011
|
| 100 |
1 |
|
|a Lucius, Stephanus
|4 aut
|9 92016
|
| 245 |
1 |
|
|a Panegyris
|b Breviss. In Lavdes Gloriosiss: Nativitatis Iesu Christi Dei et hominis ex pura virgine nati, recuperationis ac redintegrat: generis humani lapsi per inobedientiam Adae, augustissimae. Generoso Ac Egr: Nicolao Orlle de Karwa Sac: Caes: Regiaeq3 Maiest: Camerae Scepuss. Cons: Dom: ac Patrono suo benigniss: loco strenae anni huius recurrentis humillime oblata
|c A Steph: Lvcio Saxopol: In Coll: Caes: Soc: Iesu stud: Phil: Alumno
|
| 264 |
|
3 |
|a Viennae Austriae
|b excudebat Leonhardus Formica, in Bursa Agni
|c 1600
|
| 300 |
|
|
|a A4, B4, 8 listov
|c 19,5 cm
|
| 336 |
|
|
|a text
|b txt
|2 rdacontent
|
| 337 |
|
|
|a bez média
|b n
|2 rdamedia
|
| 338 |
|
|
|a zväzok
|b nc
|2 rdacarrier
|
| 500 |
|
|
|a Vinety, linky, iniciálky s ornamentálnym pozadím vo voľnom priestore na 2, 4, 5 riadkov, úvodné listy v drevorezovom ráme s ornamentálnou výzdobou, kustody
|
| 501 |
|
|
|a Príväzok 3. k: BRTNICKÝ z Valdštejna, Zdeněk. De Iavrino Castro Vngariae Mvnitissimo, Die XXIX Martii Anni M.D.XCVIII .... recuperato. Argentorati : Typis Iosuae Rihelij, per Andream Rietschium, 1598.
|5 SNK SD 56534
|
| 650 |
0 |
7 |
|a literatúra
|2 SNKPH
|9 1427
|
| 650 |
0 |
7 |
|a staré tlače
|2 SNKPH
|9 51683
|
| 655 |
|
7 |
|a príležitostné reči
|2 SNK
|9 278783
|
| 700 |
1 |
|
|a Orlay, Mikuláš
|4 hnr
|9 706731
|
| 700 |
1 |
|
|a Formica, Leonhard,
|d zomrel 1605
|4 prt
|9 127674
|
| 700 |
1 |
|
|a Orlé, Štefan
|4 dto
|9 706732
|
| 700 |
1 |
|
|a Orlé, Ján
|4 dto
|9 706733
|
| 700 |
1 |
|
|a Orlé, Andrej
|4 dto
|9 706734
|
| 710 |
0 |
|
|a Formica, Leonhard (Viedeň, Rakúsko),
|d 1590-1605
|4 tlt
|9 438581
|
| 752 |
|
|
|a Rakúsko
|d Viedeň
|
| 852 |
|
|
|a snk
|p SD 56534/prív.3
|
| 958 |
|
|
|a ONDV
|
| 958 |
|
|
|a DA
|
| 999 |
|
|
|c 1100619
|d 1102549
|
| 952 |
|
|
|t Slovaciká 16. stor.
|a SNK
|b SNK
|y PREZ
|7 0
|p 14A1303241
|o snkSD 56534/prív.3
|i snkF 312/85
|8 5
|0 0
|1 0
|4 0
|d 2009-02-17
|l 0
|r 2026-02-24 17:28:48
|w 2026-02-24
|